<?xml version="1.0" encoding="UTF-8"?>
<marc:record xmlns:marc="http://www.loc.gov/MARC21/slim">
   <marc:leader>00000nam a2200000 a 4500</marc:leader>
   <marc:datafield ind1="1" ind2=" " tag="100">
      <marc:subfield code="a">Somers, Bart</marc:subfield>
      <marc:subfield code="4">aut</marc:subfield>
      <marc:subfield code="e">Verfasser/-in</marc:subfield>
   </marc:datafield>
   <marc:datafield ind1="1" ind2=" " tag="100">
      <marc:subfield code="a">Busse, Gerd</marc:subfield>
      <marc:subfield code="4">trl</marc:subfield>
      <marc:subfield code="e">Übersetzer/-in</marc:subfield>
   </marc:datafield>
   <marc:datafield ind1=" " ind2=" " tag="653">
      <marc:subfield code="a">Multikulturelle Gesellschaft</marc:subfield>
   </marc:datafield>
   <marc:datafield ind1=" " ind2=" " tag="653">
      <marc:subfield code="a">Radikalisierung</marc:subfield>
   </marc:datafield>
   <marc:datafield ind1=" " ind2=" " tag="653">
      <marc:subfield code="a">Vielfalt</marc:subfield>
   </marc:datafield>
   <marc:datafield ind1="0" ind2="0" tag="245">
      <marc:subfield code="a">Zusammen leben</marc:subfield>
   </marc:datafield>
   <marc:datafield ind1="0" ind2="0" tag="245">
      <marc:subfield code="c">Bart Somers. Gerd Busse</marc:subfield>
   </marc:datafield>
   <marc:datafield ind1=" " ind2="1" tag="264">
      <marc:subfield code="a">München</marc:subfield>
      <marc:subfield code="b">C. H. Beck</marc:subfield>
      <marc:subfield code="c">2018</marc:subfield>
   </marc:datafield>
   <marc:datafield ind1=" " ind2=" " tag="250">
      <marc:subfield code="a">Originalausgabe</marc:subfield>
   </marc:datafield>
   <marc:datafield ind1="1" ind2=" " tag="520">
      <marc:subfield code="a">Die belgische Stadt Mechelen war mal ganz unten, verwahrlost und kriminell. Ihr Image: die dreckigste Stadt Belgiens. Doch Bart Somers hat sie wieder aufgerichtet &#x96; mit einer verblüffenden Doppelstrategie: Null-Toleranz und Multikulti. Im Jahr 2016 wurde Bart Somers in London vom Weltverband der Bürgermeister zum &#x84;besten Bürgermeister der Welt&#x93; gewählt. Somers ist in seiner Stadt Mechelen gelungen, was in den meisten Städten mit sozialen Brennpunkten nur selten gelingt: Er hat die Kriminalitätsrate dramatisch gesenkt, und trotz 128 Nationalitäten und 20 Prozent muslimischem Bevölkerungsanteil klappt in seiner Stadt die Integration. Aus der ganzen Region von Antwerpen und Brüssel bis zur Nachbarstadt Vilvoorde sind bislang mehr als 500 Jugendliche zum IS aufgebrochen. Und aus Mechelen? Niemand. Wie Somers das alles geschafft hat, davon erzählt dieses erfrischend zupackende, optimistische und gut gelaunte Buch.</marc:subfield>
   </marc:datafield>
   <marc:datafield ind1=" " ind2=" " tag="020">
      <marc:subfield code="a">9783406720406</marc:subfield>
      <marc:subfield code="9">9783406720406</marc:subfield>
   </marc:datafield>
   <marc:datafield ind1=" " ind2=" " tag="041">
      <marc:subfield code="a">ger</marc:subfield>
   </marc:datafield>
   <marc:datafield ind1=" " ind2=" " tag="300">
      <marc:subfield code="a">216 Seiten</marc:subfield>
   </marc:datafield>
</marc:record>
